000 00405nam a2200145Ia 4500
008 220217s9999||||xx |||||||||||||| ||und||
020 _a0-07-058399-4
082 _a621.381 5 CAT
100 _aCathey, Jemmie, J
245 0 _aTheory problems of electronic devices and circuits: schaum's
250 _a2nd
260 _aTata mcgraw hill
_bNew Delhi
_c2004
300 _b175
650 _aCIRCUITRY
999 _c173056
_d173056